[Event "Porticcio op 8th"]
[Site "Porticcio"]
[Date "2007.05.27"]
[Round "7"]
[White "Bellicou, Dominique"]
[Black "Degoirat, Julien"]
[Result "0-1"]
[WhiteElo "2010"]
[BlackElo "2163"]
[PlyCount "68"]
[EventDate "2007.05.26"]
[EventType "swiss"]
[EventRounds "9"]
[EventCountry "FRA"]
[SourceTitle "EXT 2008"]
[Source "ChessBase"]
[SourceDate "2007.11.25"]
[SourceVersion "1"]
[SourceVersionDate "2007.11.25"]
[SourceQuality "1"]

1. e4 c6 2. d4 d5 3. Bd3 dxe4 4. Bxe4 Nf6 5. Bf3 Bf5 6. Ne2 e6 7. c4 Nbd7 8. Bf4 Ne4 9. 0-0 Ndf6 10. c5 Be7 11. Ng3 Nxg3 12. fxg3 0-0 13. Na3 Nd5 14. Qd2 Nxf4 15. gxf4 Bxc5 16. Rad1 Bxa3 17. bxa3 Qf6 18. g4 Qg6 19. Qg2 Bd3 20. Rf2 Bc4 21. h4 f5 22. h5 Qf7 23. g5 g6 24. Qh3 Qg7 25. Rh2 Rad8 26. Rdd2 Rxd4 27. hxg6 hxg6 28. Rxd4 Qxd4+ 29. Kg2 Qd2+ 30. Kg3 Qe1+ 31. Rf2 Rf7 32. Qh6 Rg7 33. Bh5 gxh5 34. Qxh5 Qg1+ 0-1